000 00672nam a2200205Ii 4500
001 12617
003 CO-ViMGA
008 241108s9999||||xx |||||||||||||| ||und||
040 _aCO-ViMGA
_bspa
_erda
_cCO-ViMGA
041 0 _aunk
082 0 4 _aC860.4-A54
100 1 _aCecilia Hernández de Mendoza
_945602
245 1 0 _a<El> poeta en la sombra Alberto Angel Montoya
264 1 _a[Lugar de publicación no identificado] : Imprenta Patriótica del Instituto Caro y Cuervo, 1973
300 _avolumen
336 _atext
_btxt
_2rdacontent
337 _aunmediated
_bn
_2rdamedia
338 _avolume
_bnc
_2rdacarrier
940 _aidficha_siabuc: 12325. -- ficha_no_siabuc:12617
999 _c50736
_d50736